Quiz da Guiné Equatorial - Statistics

Estatísticas Gerais
  • Esse quiz foi jogado 420 vezes
  • A pontuação média é 8 de 14
Estatísticas das Respostas
Dica Resposta % Correto
Línguas oficiais Português
89%
Línguas oficiais Francês
86%
Países fazendo fronteira com a Guiné Equatorial Gabão
85%
Países fazendo fronteira com a Guiné Equatorial Camarões
83%
Línguas oficiais Espanhol
81%
Antiga capital Malabo
66%
Tecnicamente, a Guiné Equatorial é o terceiro país mais ____ da África, atrás apenas das Seychelles e das ilhas Maurícias Rico
63%
Tipo de exportação principal do país Petróleo
61%
Capital da Guiné Equatorial Cidade da Paz
40%
Ilha onde a acima está localizada Bioko
30%
Maior cidade na acima Bata
25%
Nome da porção continental da Guiné Equatorial Rio {Muni}
24%
Ultimo nome dos únicos dois presidentes que a Guiné Equatorial teve Nguema
21%
Maior grupo étnico Fangues
19%
Nenhum quiz correspondente encontrado
Distribuição das Pontuações
Porcentagem de Pessoas com Cada Pontuação
Percentil de Números Respondidos
Sua Pontuação Histórica
Você não jogou esse quiz